01141nas a22001937a 4500999001500000008004100015022001400056245006200070260012400132300000900256310001400265546001300279590042400292590008500716650002400801650002700825856008300852942001200935 c1275d1275130315t20009999bl ||||| |||| 00| 0 eng d a0036-4665 aRevista do Instituto de Medicina Tropical de São Paulo a São Paulo,bUniversidade de São Paulo, Faculdade de Medicina, Instituto de Medicina Tropical de São Paulo:c2000 av. : abimestral ainglés aBiological Abstracts, Current Contents: Life Sciences, Directory of Open Access Journals (DOAJ), Index Medicus, I N I S Atomindex (International Nuclear Information System), Latindex, LILACS, Periódica (Indice de Revistas Latinoamericanas en Ciencias), Protozoological Abstracts, Review of Medical and Veterinary Mycology, SciELO, Science Citation Index Expanded, Scopus, Tropical Diseases Bulletin, Zoological Record aExistencias: 2000 42(1,2,6); 2002 44(supl XII) BAJA DEPOSITO (CAJA 20) MAYO 2019 aMICROBIOLOGIA91991 aMEDICINA INTERNA91738 uhttp://www.scielo.br/scielo.php?script=sci_serial&pid=0036-4665&lng=en&nrm=iso 2ddccCR